Rajiv Gandhi International Airport Destinations (Hyderabad, India) - Statistics

General Stats
  • This quiz has been taken 97 times
    17 since last reset
  • The average score is 58 of 97
Answer Stats
Airline Destination % Correct
Air India/Air India Express/IndiGo Mumbai
100%
Etihad Airways/IndiGo Abu Dhabi
93%
Air India/Air India Express/Akasa Air/Alliance Air/IndiGo/Star Air Bangalore
93%
Air India/Air India Express/Alliance Air/IndiGo Chennai
93%
Air India/Akasa Air/IndiGo/SpiceJet Delhi
93%
Air India/Emirates/flydubai/IndiGo Dubai (International)
93%
Air India Express/IndiGo Goa (Dabolim)
93%
Air India/Air India Express/Fly91/IndiGo Goa (Mopa)
93%
British Airways London (Heathrow)
93%
Ethiopian Airlines Addis Ababa
86%
IndiGo Coimbatore
86%
IndiGo/SriLanakan Airlines Colombo (Bandaranaike)
86%
IndiGo/Qatar Airways Doha
86%
Air India Express/IndiGo Indore
86%
IndiGo/Jazeera Airways Kuwait City
86%
Air India Express/Alliance Air/IndiGo/Star Air Pune
86%
Air India Express/flynas/IndiGo Riyadh
86%
Air India Express/IndiGo Srinagar
86%
Air India Express/IndiGo Thiruvananthapuram
86%
IndiGo Ahmedabad
79%
Thai AirAsia Bangkok (Don Mueang)
79%
IndiGo/Thai Airways International Bangkok (Suvarnabhumi)
79%
IndiGo Chandigarh
79%
Air India Express/IndiGo Guwahati
79%
Vietnam Airlines Hanoi
79%
VietJet Air Ho Chi Minh City
79%
Air India Express/IndiGo Jaipur
79%
IndiGo Jammu
79%
Air India Express/IndiGo/Saudia Jeddah
79%
Air India Express/Alliance Air/IndiGo Kochi
79%
Air India Express/IndiGo Kolkata
79%
Air India Express/IndiGo Lucknow
79%
IndiGo/Oman Air/SalamAir Muscat
79%
Alliance Air/IndiGo Raipur
79%
Gulf Air/IndiGo Bahrain
71%
Air India Express/IndiGo Bhubaneswar
71%
IndiGo Dammam
71%
IndiGo Jodhpur
71%
AirAsia/Malaysia Airlines Kuala Lumpur (International)
71%
Air India Express/IndiGo Patna
71%
Air India/Alliance Air/IndiGo/SpiceJet/Star Air Tirupati
71%
IndiGo Udaipur
71%
Air India Express/IndiGo Visakhapatnam
71%
IndiGo Amritsar
64%
IndiGo Dehradun
64%
Lufthansa Frankfurt
64%
Cathay Pacific Hong Kong
64%
Air India Express/IndiGo Kozhikode
64%
IndiGo/SpiceJet Madurai
64%
Alliance Air/IndiGo Mysore
64%
IndiGo Port Blair
64%
IndiGo Rajkot
64%
Air Arabia/IndiGo Sharjah
64%
IndiGo/Singapore Airlines Singapore
64%
Air India Express/IndiGo Surat
64%
IndiGo Vijayawada
64%
IndiGo Dhaka
57%
IndiGo Hubli
57%
IndiGo/Star Air Nagpur
57%
IndiGo Rajahmundry
57%
IndiGo Ras Al Khaimah
57%
IndiGo Agra
50%
IndiGo Bhopal
50%
Alliance Air/IndiGo Jabalpur
50%
IndiGo Kadapa
50%
Air India Express/IndiGo Kannur
50%
IndiGo Medina
50%
Air India Express Phuket
50%
Air India Express/IndiGo Tiruchirappalli
50%
IndiGo Vadodara
50%
Air India Express/Akasa Air/IndiGo Varanasi
50%
IndiGo Ayodhya
43%
IndiGo Kanpur
43%
IndiGo Pondicherry
43%
IndiGo Agartala
36%
Air India Express Gwalior
36%
Air India Express/IndiGo Mangalore
36%
IndiGo/SpiceJet Nashik
36%
Air India Express/IndiGo Ranchi
36%
IndiGo/SpiceJet Shirdi
36%
IndiGo Aurangabad
29%
IndiGo Gorakhpur
29%
Star Air Jamnagar
29%
Star Air Nanded
29%
Air India Express/IndiGo Siliguri
29%
IndiGo Durgapur
21%
Alliance Air/IndiGo Jagdalpur
21%
IndiGo/Star Air Kolhapur
21%
IndiGo/Star Air Belgaum
14%
IndiGo Salem
14%
SpiceJet/Star Air Shimoga
14%
Akasa Air/IndiGo Darbhanga
7%
IndiGo Gondia
7%
Star Air Jharsuguda
7%
Fly91 Jalgaon
0%
Fly91 Singhudurg
0%
Alliance Air Vidyanagar
0%
No matching quizzes found
Score Distribution
Percent of People with Each Score
Percentile by Number Answered
Your Score History
You have not taken this quiz since the last reset